00709nam a22001817a 450000500170000000800410001702000180005804100080007608200150008410000200009924500900011926000370020930000220024665000490026894200070031799900170032495201860034120250430102253.0250430b |||||||| |||| 00| 0 eng d a9798868806971 aeng a005.74 JOL a Jolly, Jessica aMicrosoft Power BI Data Analyst Certification Companion: Preparation for Exam PL-300  aUSA (NY)bApressc2025 (Reprint) a389;. pages 25 cm aInformation Technology; Microsoft Power BI;  cBK c43629d43629 00102ddc4070aIMTNbIMTNcRack 3-Ad2025-04-30eRaghav Book Private Limitedg1499.00l1o005.74 JOLp33920r2025-10-29 14:58:38s2025-04-30t35w2025-04-30yBKzDr. Senthil Kumar